01641nam a22003737a 4500003000500000005001700005008004100022010001000063011001000073035001000083040000900093082001600102100002600118245011100144260002800255300002000283590004100303590004100344590004100385590004200426650003100468650003400499650002600533650004800559901000700607942001000614949006600624949007100690949007100761999001700832952013600849952014100985952014101126CHAP20220329140057.0971013s1981 r 00010 d a46635 a47607 a51750 cCHAP a632.58bT4700aThresh, J. M.9112996 aPests pathogens and vegetation; the role of weeds and wild plants in the ecology of crop pest and diseases aBoston :bPitman,c1981 a517 p.b: ilus. aBATCH-UPDb10c20130110lUCH01h1142 aBATCH-UPDb10c20130410lUCH01h0728 aBATCH-UPDb10c20130914lUCH01h0024 aCONVERSIONb10c20130109lUCH01h132514aAgriculturaxPlagas.9176414aEcología agrícola.93516514aMalas hierbas.96999614aPlantasxResistencia a enfermedades.988882 aBK cLIBRO a632.58 T47bBCcLIBROd33724000179453eLIBROh57225i51750si a632.58 T47bBCcLIBROd33724000179461eLIBROfc.2h58559i51750si a632.58 T47bBCcLIBROd33724000179479eLIBROfc.3h75178i51750si c46635d46635 00102ddc4052708GRALaBCbBCcPP_GRALd2019-12-31fLIBROl0o632.58 T47p33724000179453r2019-12-31 00:00:00w2019-12-31yLIBRO 00102ddc4052708GRALaBCbBCcPP_GRALd2019-12-31fLIBROl0o632.58 T47p33724000179461r2019-12-31 00:00:00tc.2w2019-12-31yLIBRO 00102ddc4052708GRALaBCbBCcPP_GRALd2019-12-31fLIBROl0o632.58 T47p33724000179479r2019-12-31 00:00:00tc.3w2019-12-31yLIBRO